北京三环上所有桥的名称 - Statistics

General Stats
  • This quiz has been taken 30 times
  • The average score is 21 of 46
Answer Stats
Answer % Correct
三元桥
79%
马甸桥
76%
安贞桥
72%
苏州桥
66%
蓟门桥
66%
国贸桥
66%
安华桥
62%
双井桥
55%
花园桥
52%
四通桥
52%
联想桥
52%
和平西桥
52%
劲松桥
48%
六里桥
48%
莲花桥
48%
农展桥
48%
潘家园桥
48%
航天桥
45%
和平东桥
45%
燕莎桥
45%
三元西桥
45%
三元东桥
45%
分钟寺桥
41%
方庄桥
41%
刘家窑桥
41%
丽泽桥
41%
新兴桥
41%
紫竹桥
41%
北太平桥
41%
光华桥
41%
太阳宫桥
41%
京广桥
41%
华威桥
38%
十里河桥
38%
长虹桥
38%
赵公口桥
34%
洋桥
34%
玉泉营桥
34%
丰益桥
34%
东铁营桥
31%
木樨园桥
31%
万芳桥
31%
万寿桥
31%
右安南桥
28%
万柳桥
28%
为公桥
28%
No matching quizzes found
Score Distribution
Percent of People with Each Score
Percentile by Number Answered
Your Score History
You have not taken this quiz